000 00639nam a2200217 u 4500
005 20240228064237.0
008 160503s2008 es r 000 0 spa d
020 _a9788444170862
035 _aUPN01000210091
049 _aI
050 4 _aPZ71
_bP3.92
100 1 _aPalomo, Carmen,
_d1966-
_938694
245 1 1 _a¡Ya es la hora! /
_cCarmen Palomo ; il. Rebeca Rodrigo.
260 _aLeón, Esp. :
_bEverest,
_c2008.
300 _a[24] p. :
_bil. col.
440 4 _aLos cuentos de Pin y Tito
650 4 _aLibros y lectura para niños
_92290
650 2 _aAdministración del tiempo
_9363
905 _aInfantil
999 _c182192
_d182192